L' E`TUDE SUR L'APPLICATION DES ENGRAIS URE`E SUR LA CROISSANCE DU LISERON D'EAU (Ipomoea aquatica forsskal) a` l'universite` royale d'agriculture. (Record no. 1583)

000 -LEADER
fixed length control field 00511nam a22001577a 4500
003 - CONTROL NUMBER IDENTIFIER
control field OSt
005 - DATE AND TIME OF LATEST TRANSACTION
control field 20151001134509.0
008 - FIXED-LENGTH DATA ELEMENTS--GENERAL INFORMATION
fixed length control field 151001b xxu||||| |||| 00| 0 eng d
040 ## - CATALOGING SOURCE
Transcribing agency RUA
082 ## - DEWEY DECIMAL CLASSIFICATION NUMBER
Classification number AGR NGO 2002 B062 Or.1
100 ## - MAIN ENTRY--PERSONAL NAME
9 (RLIN) 1681
Personal name NGOUN, BUNCHHOUN.
245 ## - TITLE STATEMENT
Title L' E`TUDE SUR L'APPLICATION DES ENGRAIS URE`E SUR LA CROISSANCE DU LISERON D'EAU (Ipomoea aquatica forsskal) a` l'universite` royale d'agriculture.
260 ## - PUBLICATION, DISTRIBUTION, ETC. (IMPRINT)
Place of publication, distribution, etc. phnom phen
Name of publisher, distributor, etc. RUA
Date of publication, distribution, etc. 2002
300 ## - PHYSICAL DESCRIPTION
Extent 36p.
Other physical details ill.
Dimensions 29cm.
942 ## - ADDED ENTRY ELEMENTS (KOHA)
Source of classification or shelving scheme
Koha item type AGR
Holdings
Price effective from Date last seen Permanent Location Not for loan Date acquired Source of classification or shelving scheme Koha item type Barcode Lost status Damaged status Shelving location Withdrawn status Current Location Full call number
2015-10-012015-10-01Library Block B 2015-10-01 AGRrua008036  B062 Library Block BAGR NGO 2002 B062 Or.1
2015-10-012015-10-01Library Block B 2015-10-01 AGRrua008318  B062 Library Block BAGR NGO 2002 B062 Or.2
2015-10-012015-10-01Library Block B 2015-10-01 AGRrua008246  B062 Library Block BAGR NGO 2002 B062 Or.3
2015-10-012015-10-01Library Block B 2015-10-01 AGRrua008174  B062 Library Block BAGR NGO 2002 B062 Or.4
2015-10-012015-10-01Library Block B 2015-10-01 AGRrua008102  B062 Library Block BAGR NGO 2002 B062 Or.5
មជ្ឈមណ្ឌលឯការនៃសាកលវិទ្យាល័យភូមិន្ទកសិកម្មចំការដូង

Powered by Koha